| 000 | 00627nam a2200181Ia 4500 | ||
|---|---|---|---|
| 008 | 090630s9999 xx 000 0 und d | ||
| 082 | _b15375 | ||
| 100 | _aपाठक सुरेश मोहन. | ||
| 245 |
_aपाप की नगरी. _cपाठक सुरेश मोहन. |
||
| 260 | _bदुर्गा बुकस्टॉल. | ||
| 300 | _a0 | ||
| 600 | _aपाठक सुरेश मोहन. | ||
| 630 | _aपाप की नगरी. | ||
| 655 | _aहिंदी. | ||
| 700 | _aपाठक सुरेश मोहन. | ||
| 730 | _aपाप की नगरी. | ||
| 942 | _cBOOK | ||
| 999 |
_c267231 _d267231 |
||